zpět

Detail výsledku týmu

U Pilnáčka, Hradec Králové

Datum a čas kvízu

17 Celkem bodů Celkový počet nahraných bodů na tomto kvízu bez doplňovacích otázek.
9. Pořadí na kvízu Konečné umístění týmu na tomto kvízu.

Zaznamenané odpovědi

# Otázka Odpověď Body Výsledky
1. Odvolací Městský soud v Praze... Pavel Novotný, Kateřina Kristelová 0
2. Prezident jisté asijské země,... v Jižní Koreji 0
3. V sobotu proběhlo vyhlášení fi... Oldřich Kaiser, Zahradníkův rok 0
4. V letošním ročníku soutěže Vis... Kytary.cz 1
5. Aukční síň Sotheby’s minulý tý... Michael Jordan, Kobe Bryant 1
6. V roce 1978 zakoupila jistá me... Greenpeace 0
7. Na fotce je německá bitevní lo... Bismarck 0
8. Loď Beagle na své druhé plavbě... Charles Darwin 0
9. Válečná loď Vasa ujela celkem... ve Stockholmu 1
10. Která z těchto slavných lodí b... C 0